Sečovci, veľmoži gemerskí historická povesť

Bibliographic Details
Main Author: Tomášik, Samo, 1813-1887 (Author)
Other Authors: Chrobák, Dobroslav, 1907-1951 (Editor), Rambouská-Kalandrová, Ludmila, 1899-1952 (Bookjacket designer)
Format: Book
Language:Slovak
PhysicalDescription:124, [1] s. 8°
Published: Praha Leopold Mazáč 1935
Series:Edícia Spoločnosti Slovenského domu
Subjects:

MARC

LEADER 00000nam a2200000 a 4500
001 vtls008402618
003 SK-MaSNL
005 20260301094240.0
008 251124s1935 xr slo
015 |a SKSNBA19191938-013230 
035 |a SK01SNKBSKHR20020094835 
035 |a SKM000097298 
040 |a SNK  |b slo  |c SNK  |e AACR2 
041 0 |a slo 
044 |a xr  |c CZ 
072 7 |a 821.162.4-3  |x Slovenská próza  |2 konspekt 
080 |a 885.4  |2 1981 
080 |a 821.162.4-3  |2 2011 
080 |a (811.162.4:82-34)  |2 2011 
080 |a 82-1/-9  |2 2011 
100 1 |a Tomášik, Samo,  |d 1813-1887  |4 aut  |9 256391 
245 1 0 |a Sečovci, veľmoži gemerskí  |b historická povesť  |c Samuel Tomášik ; [v úprave Dobroslava Chrobáka ; obálku nakreslila Ľ. Rambouská] 
260 |a Praha  |b Leopold Mazáč  |c 1935  |e Praha  |f Čsl. Graf. Unia 
300 |a 124, [1] s.  |c 8° 
490 1 |a Edícia Spoločnosti Slovenského domu  |v zv. 1 
655 7 |a umelecká literatúra  |2 SNKPH  |9 60405 
655 7 |a slovenské povesti  |2 SNKPH  |9 70638 
700 1 |a Chrobák, Dobroslav,  |d 1907-1951  |4 edt  |9 104678 
700 1 |a Rambouská-Kalandrová, Ludmila,  |d 1899-1952  |4 bjd  |9 184765 
830 0 |a Edícia Spoločnosti Slovenského domu  |9 400094 
852 |a Slovenská národná knižnica v Martine  |b 10000  |h MS SD 3697/1 
852 |a Univerzitná knižnica v Bratislave  |b 300000  |h SF 2388/1 
852 |a Univerzitná knižnica v Bratislave  |b 300000  |h XXF 887/1 
958 |a RK 
958 |a TL 
958 |a ONDV 
999 |c 679697  |d 681627 
952 |t P60, <03>, [BOOK], {603}  |a SNK  |b SNK  |y PREZ  |7 0  |p 17A0245883  |o snkSD 3697/1  |0 0  |1 0  |4 0  |d 2000-07-26  |l 0  |r 2025-11-06 00:00:00  |w 2026-02-23